000 01010nac a22003017a 4500
001 BR7600366
003 BR-BrBNA
005 20240105113909.0
008 230509b bl.|||m| |||| 00| 0 por d
040 _aBR-BrBNA
_bpor
_cBiblioteca Nacional de Agricultura
072 _aF00
090 _a1950 BR7600366
100 1 _aSiewerdt, L.
100 1 _aCosta, N.L.
100 1 _aDuca, L.O.A. Del
100 1 _aSeiffert, N.F.
110 1 _aInstituto de Pesquisa Agropecuaria do Sul, Pelotas, RS (Brasil)
_96097
245 1 _aConsorciacao de leguminosas e gramineas forrageiras em diferentes densidades de plantio
260 3 _aPelotas, RS (Brasil):
_c1975.
300 _a3 p.
490 _aIndicacao de Pesquisa - Instituto de Pesquisa Agropecuaria do Sul (Brazil)
_vno. 121
_x
650 _aGRAMINEA FORRAGEIRA
650 _aLEGUMINOSA FORRAGEIRA
650 _aCONSORCIACAO DE CULTURA
650 _aDENSIDADE DE PLANTIO
909 _a202312
_bLúcia Elande
_c55
_dLúcia Elande
942 _2AGRIS
_n0
_cMS
999 _c266220
_d266220